[Event "Cannes Open A"]
[Site "Cannes France"]
[EventDate "2007.02.18"]
[Date "2007.02.22"]
[Round "6"]
[White "FARGERE, Francois"]
[WhiteTitle "FM"]
[WhiteElo "2330"]
[Black "PETROSIAN, Suren"]
[BlackTitle "IM"]
[BlackElo "2391"]
[Result "1-0"]
[Source "MonRoi"]

1. Nf3 c5 2. e4 Nc6 3. Bb5 g6 4. O-O Bg7 5. c3 Nf6 6. e5 Nd5 7. d4 cxd4 8. cxd4 O-O 9. Nc3 Nc7 10. Bf4 Nxb5 11. Nxb5 a6 12. Nc3 d6 13. exd6 exd6 14. h3 h6 15. d5 Ne5 16. Nxe5 dxe5 17. Be3 f5 18. f4 exf4 19. Bd4 g5 20. Re1 Qd6 21. Bxg7 Kxg7 22. Qd4 Kf7 23. Na4 Bd7 24. Nc5 Rae8 25. Nxb7 Qf6 26. Qxf6 Kxf6 27. Nc5 Rd8 28. Rad1 g4 29. h4 Rf7 30. Ne6 Bxe6 31. Rxe6 Kg7 32. Rxa6 Rc7 33. Ra4 Rc2 34. Rxf4 Rxb2 35. Rxf5 Rxa2 36. h5 Ra5 37. Kh2 Rb8 38. Rd4 Rd8 39. Rxg4 Kh8 40. Rg6 Raxd5 41. Rxh6 Kg7 42. Rg6 Kh7 43. Rxd5 Rxd5 44. g4 Rd3 45. Kg2 Ra3 46. Rf6 Kg7 47. Rf3 Ra2 48. Kg3 Kh6 49. Rf6 Kg7 50. Rb6 Ra5 51. Kh4 Ra4 52. h6 Kh7 53. Kh5 Ra5 54. g5 Rc5 55. Rf6 Ra5 56. Rf7 Kg8 57. Re7 Rb5 58. Kg6 Rb6 59. Kf5 Rb1 60. Kf6 Rf1 61. Kg6 Rf8 62. Rg7 Kh8 63. Rf7 Ra8 64. Rf5 Kg8 65. Kh5 Ra1 66. Rb5 Ra8 67. g6 Kh8 68. h7 Ra7 69. Rb8  1-0

[Event "Cannes Open A"]
[Site "Cannes France"]
[EventDate "2007.02.18"]
[Date "2007.02.22"]
[Round "6"]
[White "SARAVANAN, V"]
[WhiteTitle "IM"]
[WhiteElo "2374"]
[Black "PULITO, Alberto"]
[BlackTitle "-"]
[BlackElo "2239"]
[Result "1/2-1/2"]
[Source "MonRoi"]

1. e4 d5 2. exd5 Nf6 3. c4 c6 4. Nc3 cxd5 5. cxd5 Nxd5 6. Nf3 Nc6 7. Bb5 Nxc3 8. bxc3 Qd5 9. c4 Qe4 10. Qe2 Qxe2 11. Kxe2 Bg4 12. d4 O-O-O 13. Bxc6 bxc6 14. Be3 g6 15. Rab1 Bg7 16. Rhd1 e5 17. dxe5 Bxe5 18. h3 Bxf3 19. Kxf3 Rxd1 20. Rxd1 Kc7 21. Rb1 h5 22. Bxa7 Ra8 23. Bb6 Kd7 24. Re1 f6 25. Re2 Ra3 26. Be3 Rc3 27. c5 f5 28. Rd2 Ke6 29. Ke2 f4  1/2-1/2

[Event "Cannes Open A"]
[Site "Cannes France"]
[EventDate "2007.02.18"]
[Date "2007.02.22"]
[Round "6"]
[White "DUBREUIL, Julien"]
[WhiteTitle "-"]
[WhiteElo "2278"]
[Black "LECONTE, Maria"]
[BlackTitle "WGM"]
[BlackElo "2377"]
[Result "1-0"]
[Source "MonRoi"]

1. d4 Nf6 2. c4 e6 3. Nc3 Bb4 4. Nf3 d5 5. Qa4 Nc6 6. Ne5 Bd7 7. Nxd7 Qxd7 8. a3 Nxd4 9. axb4 Qxa4 10. Rxa4 dxc4 11. e3 b5 12. exd4 bxa4 13. Bxc4 a5 14. b5 O-O-O 15. Be3 Ng4 16. Ke2 Rhe8 17. Ra1 e5 18. d5 f5 19. Bc5 e4 20. b6 cxb6 21. Bxb6 Rd6 22. Bc5 Rg6 23. Bb5 Re5 24. Rxa4 Nxh2 25. Rc4 Kb8 26. d6 e3 27. fxe3 Rxg2 28. Kd1 Nf3 29. d7 Rd2 30. Kc1 f4 31. Bd4  1-0

[Event "Cannes Open A"]
[Site "Cannes France"]
[EventDate "2007.02.18"]
[Date "2007.02.22"]
[Round "6"]
[White "FELLER, Sebastien"]
[WhiteTitle "FM"]
[WhiteElo "2431"]
[Black "RAVOT, Sylvain"]
[BlackTitle "-"]
[BlackElo "2218"]
[Result "1-0"]
[Source "MonRoi"]

1. d4 d5 2. c4 c6 3. Nc3 Nf6 4. e3 Bg4 5. Nf3 e6 6. h3 Bh5 7. g4 Bg6 8. Ne5 Nfd7 9. Nxg6 hxg6 10. Bd2 Be7 11. Qf3 Bg5 12. Bd3 a5 13. a3 Nb6 14. cxd5 exd5 15. O-O-O N8d7 16. Kb1 Qe7 17. Qg2 Bf6 18. f4 Qf8 19. e4 dxe4 20. Nxe4 Bxd4 21. Rhe1 O-O-O 22. Bxa5 Nc5 23. Bc2 Nxe4 24. Rxe4 Bc5 25. Rxd8 Qxd8 26. b4 Bd6 27. Rd4  1-0

[Event "Cannes Open A"]
[Site "Cannes France"]
[EventDate "2007.02.18"]
[Date "2007.02.22"]
[Round "6"]
[White "FOISOR, Cristina Adela"]
[WhiteTitle "IM"]
[WhiteElo "2399"]
[Black "VILLENEUVE, Alain"]
[BlackTitle "IM"]
[BlackElo "2287"]
[Result "1-0"]
[Source "MonRoi"]

1. c4 e6 2. g3 Nf6 3. Bg2 d5 4. Nf3 b6 5. O-O Bb7 6. d4 Be7 7. Nc3 O-O 8. Ne5 c6 9. e4 Na6 10. Bf4 Rc8 11. Rc1 Bb4 12. exd5 cxd5 13. Bg5 Bxc3 14. Rxc3 Rc7 15. Qa4 Qc8 16. Bxf6 gxf6 17. Ng4 f5 18. Nf6 Kg7 19. Nh5 Kh6 20. Nf4 Rxc4 21. Rxc4 dxc4 22. Bxb7 Qxb7 23. Qxc4 Nc7 24. Rc1 Nd5 25. Nxd5 exd5 26. Qc7 Qa8 27. Rc6 Kg7 28. Qe5 f6 29. Qxd5 Rf7 30. Qe6 Qb7 31. d5 Qd7 32. Kg2 Qd8 33. Qxf5  1-0

[Event "Cannes Open A"]
[Site "Cannes France"]
[EventDate "2007.02.18"]
[Date "2007.02.22"]
[Round "6"]
[White "OLIVIER, Jean Christophe"]
[WhiteTitle "IM"]
[WhiteElo "2365"]
[Black "MUFIC, Goran"]
[BlackTitle "IM"]
[BlackElo "2312"]
[Result "1-0"]
[Source "MonRoi"]

1. d4 d5 2. c4 e6 3. Nc3 Nf6 4. Bg5 Be7 5. e3 O-O 6. Nf3 Ne4 7. Bxe7 Qxe7 8. cxd5 Nxc3 9. bxc3 exd5 10. Qb3 c6 11. Bd3 Nd7 12. O-O Nf6 13. a4 Bg4 14. Ne5 Rad8 15. Qb4 Qc7 16. a5 Bc8 17. Rfb1 Nd7 18. Nxd7 Qxd7 19. Qc5 a6 20. c4 Qg4 21. Rb2 Rfe8 22. Be2 Qg6 23. Bf3 dxc4 24. Qxc4 Be6 25. Qc3 Re7 26. Rab1 Bc8 27. Qc5 Qf6 28. Rb6 g5 29. h3 Kg7 30. Bg4 Bxg4 31. hxg4 Rdd7 32. R1b3 h6 33. Qc3 Kg8 34. Qb2 Qe6 35. f3 Kh7 36. e4 Qc4 37. R6b4 Qe6 38. Rxb7 h5 39. Rxd7 Rxd7 40. gxh5 g4 41. d5 cxd5 42. Rb6 Qe7 43. fxg4 Qxe4 44. Qf6+ Qe3 45. Kh2 Re7 46. Qf5 Kg7 47. Qe5  1-0

[Event "Cannes Open A"]
[Site "Cannes France"]
[EventDate "2007.02.18"]
[Date "2007.02.22"]
[Round "6"]
[White "NEIMAN, Emmanuel"]
[WhiteTitle "FM"]
[WhiteElo "2358"]
[Black "STRUK, Jerzy"]
[BlackTitle "-"]
[BlackElo "2260"]
[Result "1/2-1/2"]
[Source "MonRoi"]

1. d4 d5 2. c4 e6 3. Nf3 Nf6 4. g3 Be7 5. Bg2 O-O 6. O-O dxc4 7. Qc2 a6 8. Qxc4 b5 9. Qc2 Bb7 10. Bd2 Be4 11. Qc1 b4 12. Bf4 Bd6 13. Nbd2 Bxf4 14. gxf4 Bd5 15. Qc2 Nbd7 16. Rfc1 Ra7 17. e4 Ba8 18. Qd3 Nh5 19. Qe3 Qf6 20. Ne5 c5 21. Ndf3 cxd4 22. Qxd4 Nxf4 23. Qxa7 Nxe5 24. Qe3 Ng4 25. Qe1 Nd3 26. Qe2 Nxc1 27. Rxc1 Qf4 28. Rc4 a5 29. Qc2 Qb8 30. Rc5 h6 31. h3 Nf6 32. Ne5 Rd8 33. Rc7 Rf8 34. Qc5 Bxe4 35. Nxf7 Bxg2 36. Qe7 Qxc7 37. Qxc7 Rxf7 38. Qc8 Rf8 39. Qxe6 Kh8 40. Kxg2 Rd8 41. Qe5 Rd5 42. Qc7 Kh7 43. Qc8 Kg6 44. Kf3 Kf7 45. Ke3 Kg6 46. f4 Kh7 47. f5 Ng8 48. Qe6 Nf6 49. Kf4 Rd4 50. Kf3 Rd3 51. Ke2 Rd4 52. Qc8 Rd5 53. Qe6 Rd4 54. Ke3 Rd5 55. Qc8 Ng8 56. Kf4 Nf6 57. Qf8 Rb5 58. Qc8 Rd5 59. Qc6 Kg8 60. Qc8  1/2-1/2

[Event "Cannes Open A"]
[Site "Cannes France"]
[EventDate "2007.02.18"]
[Date "2007.02.22"]
[Round "6"]
[White "DEBRAY, Christopher"]
[WhiteTitle "-"]
[WhiteElo "2278"]
[Black "VERNAY, Clovis"]
[BlackTitle "FM"]
[BlackElo "2341"]
[Result "0-1"]
[Source "MonRoi"]

1. e4 e6 2. d4 d5 3. Nc3 dxe4 4. Nxe4 Nd7 5. Nf3 Ngf6 6. Nxf6 Nxf6 7. c3 c5 8. Ne5 a6 9. Bg5 Be7 10. dxc5 Qxd1 11. Rxd1 Bxc5 12. Be2 Nd7 13. b4 Be7 14. Bxe7 Kxe7 15. Nc4 b6 16. O-O Ra7 17. Rd2 Rc7 18. Rfd1 b5 19. Nd6 Nb6 20. Rd3 Na4 21. Rc1 Rd8 22. Ne4 Rxd3 23. Bxd3 Bb7 24. Nc5 Nxc5 25. bxc5 Rxc5 26. f3 Bd5 27. a3 f5 28. Kf2 Bc4 29. Ke3 g5 30. Bxc4 Rxc4 31. Kd3 h5 32. Kc2 g4 33. Rd1 gxf3 34. gxf3 Rh4 35. Rd2 Rh3 36. Rf2 e5 37. Kb3 Kf6 38. a4 Kg5 39. axb5 axb5 40. Kb4 Kf4 41. Kxb5 Ke3 42. Ra2 Rxf3 43. c4 Rf1 44. Kc5 Rd1 45. Rg2 f4  0-1

[Event "Cannes Open A"]
[Site "Cannes France"]
[EventDate "2007.02.18"]
[Date "2007.02.22"]
[Round "6"]
[White "FIERRO BAQUERO, Martha"]
[WhiteTitle "IM"]
[WhiteElo "2339"]
[Black "SAATDJIAN, Thomas"]
[BlackTitle "-"]
[BlackElo "2187"]
[Result "0-1"]
[Source "MonRoi"]

1. e4 e6 2. Nf3 d5 3. Nc3 d4 4. Ne2 c5 5. c3 Nf6 6. Ng3 a6 7. Bd3 Nc6 8. O-O Be7 9. Qe2 h5 10. e5 Nd5 11. Qe4 g5 12. h3 Nf4 13. Bc4 d3 14. Re1 h4 15. Nf1 Qd7 16. a4 b6 17. N1h2 Bb7 18. Qe3 Na5 19. Ba2 Qxa4 20. Ng4 Nc4 21. Bxc4 Qxc4 22. Nf6 Bxf6 23. exf6 Nxg2 24. Qe5 O-O-O 25. Kxg2 g4 26. b3 gxf3 27. Kh2 Qxb3 28. Ba3 Qd5 29. Rab1 Qxe5 30. Rxe5 Kc7 31. Rg1 Rd5 32. Rxd5 Bxd5 33. Rg4 e5 34. c4 Be6 35. Re4 Rg8 36. Rxe5 Kd6 37. Re3 Rg2 38. Kh1 Rxf2 39. Rxd3 Ke5 40. Bb2 Kf4 41. Re3 Re2 42. Be5 Kf5 43. Bc7 Rxe3 44. dxe3 Ke4 45. Bxb6 Kd3  0-1

[Event "Cannes Open A"]
[Site "Cannes France"]
[EventDate "2007.02.18"]
[Date "2007.02.22"]
[Round "6"]
[White "MALEKI, Nicolas"]
[WhiteTitle "-"]
[WhiteElo "2116"]
[Black "CLERY, Nicolas"]
[BlackTitle "FM"]
[BlackElo "2324"]
[Result "0-1"]
[Source "MonRoi"]

1. e4 e6 2. d4 d5 3. e5 c5 4. c3 Nc6 5. Nf3 Bd7 6. dxc5 Bxc5 7. b4 Bb6 8. b5 Na5 9. Bd3 Qc7 10. Qe2 Ne7 11. O-O Nc4 12. a4 Ng6 13. Re1 O-O 14. h4 f6 15. Bxc4 dxc4 16. Ba3 Nf4 17. Qe4 Nd3 18. Rf1 fxe5 19. Bxf8 Rxf8 20. Nbd2 Rf4 21. Qe2 Be8 22. g3 Rg4 23. Ne4 Bh5 24. Rad1 Qd8 25. Kh2 Qd5 26. Rfe1 Rxe4 27. Qxe4 Bxf3 28. Qxd5 exd5 29. Rf1 Bxd1 30. Rxd1 d4 31. cxd4 exd4 32. Kg2 c3  0-1

[Event "Cannes Open A"]
[Site "Cannes France"]
[EventDate "2007.02.18"]
[Date "2007.02.22"]
[Round "6"]
[White "ARMAS, Julius"]
[WhiteTitle "IM"]
[WhiteElo "2397"]
[Black "BOZINOVIC, Boban"]
[BlackTitle "-"]
[BlackElo "2137"]
[Result "1-0"]
[Source "MonRoi"]

1. e4 c5 2. Nf3 d6 3. g3 g6 4. Bg2 Bg7 5. O-O Nc6 6. c3 Nf6 7. d4 cxd4 8. cxd4 O-O 9. Nc3 Bg4 10. h3 Bxf3 11. Bxf3 Qb6 12. d5 Ne5 13. Bg2 Rfc8 14. Qe2 Nfd7 15. Bg5 Bf6 16. h4 Rc7 17. Bh3 Rd8 18. Nb5 Rc4 19. b3 Rb4 20. Nc3 Bxg5 21. hxg5 Qd4 22. Rac1 Nd3 23. Rc2 N7c5 24. Rd1 a6 25. Bf1 b5 26. Qf3 Ne5 27. Qg2 Ncd3 28. Bxd3 Nxd3 29. Qf1 Qe5 30. Qxd3 Qxg5 31. Ne2 Qe5 32. Nd4  1-0

[Event "Cannes Open A"]
[Site "Cannes France"]
[EventDate "2007.02.18"]
[Date "2007.02.22"]
[Round "6"]
[White "HRZICA, Rok"]
[WhiteTitle "-"]
[WhiteElo "2257"]
[Black "LIBENS, Michel"]
[BlackTitle "-"]
[BlackElo "2104"]
[Result "1-0"]
[Source "MonRoi"]

1. e4 c5 2. d4 cxd4 3. c3 dxc3 4. Nxc3 Nc6 5. Nf3 e6 6. Bc4 Nge7 7. Bg5 f6 8. Be3 Ng6 9. O-O Be7 10. Qe2 a6 11. Rfd1 Qc7 12. Rac1 b5 13. Bb3 Qb8 14. Nd4 Na5 15. Rf1 Nxb3 16. axb3 O-O 17. f4 Bb4 18. f5 Ne7 19. Qg4 Bxc3 20. Rxc3 b4 21. Rd3 e5 22. Ne2 Qb5 23. Bh6 Rf7 24. Rg3 g6 25. Qh5 Rg7 26. fxg6 hxg6 27. Bxg7 Qb6 28. Kh1 gxh5 29. Bxf6 Kh7 30. Bxe7 Qe6 31. Rf5  1-0

[Event "Cannes Open A"]
[Site "Cannes France"]
[EventDate "2007.02.18"]
[Date "2007.02.22"]
[Round "6"]
[White "WAGNER, Steven"]
[WhiteTitle "-"]
[WhiteElo "2083"]
[Black "VAN HEIRZEELE, Daniel"]
[BlackTitle "-"]
[BlackElo "2234"]
[Result "1/2-1/2"]
[Source "MonRoi"]

1. e4 c5 2. Nf3 Nc6 3. d4 cxd4 4. Nxd4 e5 5. Nb5 a6 6. Nd6 Bxd6 7. Qxd6 Qf6 8. Qd1 Qg6 9. Nc3 Nge7 10. Be3 d5 11. Nxd5 Nxd5 12. Qxd5 Be6 13. Qc5 Qxe4 14. Bd3 Qb4 15. c3 Qxc5 16. Bxc5 O-O-O 17. Ke2 Rhe8 18. a4 Bd5 19. Bf5 Kb8 20. Bb6 Rd6 21. a5 g6 22. Bc2 Bxg2 23. Rhd1 Bd5 24. Bb3 Nd4 25. cxd4 Bxb3 26. Re1 exd4 27. Kd3 Be6 28. Rac1 Bf5 29. Kd2 Rxe1 30. Rxe1 Be6  1/2-1/2

[Event "Cannes Open A"]
[Site "Cannes France"]
[EventDate "2007.02.18"]
[Date "2007.02.22"]
[Round "6"]
[White "WAUTERS, Alain"]
[WhiteTitle "-"]
[WhiteElo "2177"]
[Black "ASTENGO, Corrado"]
[BlackTitle "-"]
[BlackElo "2085"]
[Result "0-1"]
[Source "MonRoi"]

1. c4 c6 2. d4 d5 3. Nf3 Nf6 4. e3 a6 5. Nbd2 b5 6. b3 Bg4 7. Be2 Nbd7 8. h3 Bxf3 9. Nxf3 e6 10. O-O Bd6 11. Bb2 Bc7 12. a4 b4 13. Rc1 O-O 14. Qc2 Bb8 15. Bd3 h6 16. Qe2 a5 17. Rc2 Qe7 18. Rfc1 e5 19. dxe5 Nxe5 20. Bxe5 Bxe5 21. cxd5 cxd5 22. Nxe5 Qxe5 23. Rc5 Qe6 24. Qc2 Rfd8 25. Qb2 Ne4 26. Rc6 Qe7 27. Rc7 Qg5 28. R1c6 Nc3 29. Qd2 Qe5 30. f4 Qe8 31. Bf5 d4 32. exd4 Ne2  0-1

[Event "Cannes Open A"]
[Site "Cannes France"]
[EventDate "2007.02.18"]
[Date "2007.02.22"]
[Round "6"]
[White "HERVAIS, Adrien"]
[WhiteTitle "-"]
[WhiteElo "2071"]
[Black "FLEAR, Christine"]
[BlackTitle "WIM"]
[BlackElo "2160"]
[Result "1/2-1/2"]
[Source "MonRoi"]

1. e4 c5 2. Nf3 Nc6 3. d3 g6 4. g3 Bg7 5. Bg2 d6 6. O-O Nf6 7. c3 O-O 8. a4 h6 9. Na3 Rb8 10. Rb1 b6 11. b4 e5 12. b5 Ne7 13. h3 Bb7 14. Bb2 Ne8 15. Re1 f5 16. Nh4 Bf6 17. Nf3 Kh7 18. exf5 gxf5 19. d4 Ng6 20. dxe5 dxe5 21. Qxd8 Rxd8 22. Nxe5 Nxe5 23. Bxb7 Nd6 24. Bg2 Nd3 25. Re3 Nf7 26. Bf1 Nxb2 27. Rxb2 Rd1 28. Rb1 Rfd8 29. Rxd1  1/2-1/2

[Event "Cannes Open A"]
[Site "Cannes France"]
[EventDate "2007.02.18"]
[Date "2007.02.22"]
[Round "6"]
[White "FERRIGNO, Jean Pierre"]
[WhiteTitle "-"]
[WhiteElo "2126"]
[Black "DIMITROV, Christo"]
[BlackTitle "FM"]
[BlackElo "2299"]
[Result "0-1"]
[Source "MonRoi"]

1. b3 d5 2. Bb2 Bg4 3. f3 Bf5 4. e4 dxe4 5. Nc3 Nf6 6. Qe2 exf3 7. Qb5 Bd7 8. Qxb7 f2 9. Kxf2 Nc6 10. Qb5 e5 11. Ke1 Bd6 12. Qe2 Nd4 13. Qd1 O-O 14. Nf3 Re8 15. Be2 Bc6 16. Kf1 Nxf3 17. Bxf3 e4 18. Be2 Re5 19. d4 exd3 20. Qxd3 Qe7 21. Re1 Re8 22. Nd1 Rg5 23. Qh3 Qe4 24. Rg1 Rf5 25. Nf2 Bc5 26. Qg3 Ng4  0-1

[Event "Cannes Open A"]
[Site "Cannes France"]
[EventDate "2007.02.18"]
[Date "2007.02.22"]
[Round "6"]
[White "BRUNED, Boris"]
[WhiteTitle "-"]
[WhiteElo "2211"]
[Black "WOHLERS ARMAS, Friederike"]
[BlackTitle "WIM"]
[BlackElo "2125"]
[Result "1-0"]
[Source "MonRoi"]

1. e4 c5 2. Nf3 d6 3. d4 cxd4 4. Nxd4 Nf6 5. Nc3 g6 6. Be3 Bg7 7. f3 Nc6 8. Qd2 O-O 9. Bc4 Bd7 10. O-O-O Qa5 11. Bb3 Rfc8 12. Kb1 Ne5 13. h4 b5 14. Ncxb5 Qxd2 15. Bxd2 Nc4 16. Bxc4 Rxc4 17. b3 Rcc8 18. c4 a6 19. Nc3 Nxe4 20. Nxe4 Bxd4 21. Bg5 f6 22. Rxd4 fxg5 23. Nxg5 h6 24. Ne4 Be6 25. Re1 Bf7 26. Nc3 Kf8 27. Nd5 Ra7 28. Nc3 Rb7 29. Kc2 Rc5 30. Re2 Rbc7 31. Kd1 Rb7 32. Ke1 Rd7 33. Red2 Rb7 34. Kf2 Kg7 35. Re2 Kf8 36. Rf4 Ke8 37. Rd4 Kf8 38. Ne4 Rc6 39. g4 Kg7 40. Nc3 Kf8 41. Nd5 a5 42. Nc3 Rc5 43. Kg3 Ra7 44. f4 Rc6 45. Na4 Rb7 46. f5 gxf5 47. gxf5 Rb4 48. Ree4 Rb8 49. Nc3 Rc5 50. f6 Re5 51. fxe7 Kxe7 52. Kf4 Rxe4 53. Nxe4 Rd8 54. Ng3 h5 55. Nf5 Ke6 56. c5 d5 57. a3 Rg8 58. Ne3 Rg1 59. Rxd5 Rb1 60. Rd6 Ke7 61. Nf5 Ke8 62. c6 Rc1 63. b4 axb4 64. axb4 Rc4  1-0

[Event "Cannes Open A"]
[Site "Cannes France"]
[EventDate "2007.02.18"]
[Date "2007.02.22"]
[Round "6"]
[White "ARSENAULT, Nicolas"]
[WhiteTitle "-"]
[WhiteElo "2112"]
[Black "PEPINO, Enrico"]
[BlackTitle "-"]
[BlackElo "2189"]
[Result "1-0"]
[Source "MonRoi"]

1. e4 c5 2. Nf3 d6 3. d4 cxd4 4. Nxd4 Nf6 5. Nc3 g6 6. Bc4 Bg7 7. Bb3 O-O 8. h3 Nc6 9. Be3 Bd7 10. O-O a6 11. Re1 b5 12. Nd5 Rc8 13. Nxc6 Bxc6 14. Bb6 Qd7 15. Bd4 Bxd5 16. exd5 Rfe8 17. a4 Ra8 18. Qd2 Qb7 19. Re2 Nd7 20. Bxg7 Kxg7 21. Rae1 Nc5 22. axb5 axb5 23. Re3 Kg8 24. h4 h5 25. Rg3 Nxb3 26. cxb3 Kh7 27. Qg5 b4 28. Re6  1-0

[Event "Cannes Open A"]
[Site "Cannes France"]
[EventDate "2007.02.18"]
[Date "2007.02.22"]
[Round "6"]
[White "RICTER, Jean Paul"]
[WhiteTitle "-"]
[WhiteElo "2174"]
[Black "WUNDERMAN, Xavier"]
[BlackTitle "-"]
[BlackElo "2113"]
[Result "1-0"]
[Source "MonRoi"]

1. c4 c6 2. Nf3 d5 3. b3 Nf6 4. Bb2 Bf5 5. g3 h6 6. Bg2 e6 7. O-O Be7 8. d3 Nbd7 9. Nbd2 O-O 10. Rc1 b5 11. Nd4 Qb6 12. cxd5 cxd5 13. Nxf5 exf5 14. Nf3 Rac8 15. Nd4 g6 16. Qd2 Bc5 17. e3 a5 18. Rc2 Rc7 19. Rfc1 Rfc8 20. a3 b4 21. a4 Bxd4 22. Rxc7 Rxc7 23. Bxd4 Qb7 24. Ba1 Ne8 25. Rxc7 Nxc7 26. e4 g5 27. Qb2 f6 28. exd5 Qa6 29. Qc2 Qd6 30. Qc6 Ne8 31. Bd4 Kf7 32. Qb5 Qc7 33. Qc4 Qd6 34. Qc6 Ke7 35. Qc1 Nc7 36. Qc6 h5 37. Qb7 Ne8 38. Ba7 Qc7 39. Qa6 Nd6 40. Be3 Kd8 41. Qa8 Ke7 42. Qg8 Nf7 43. Qg6 Nd6 44. Qh7 Kd8 45. Qg8 Ke7 46. Qe6 Kd8 47. Bd4 Ne8 48. Qxf5 Qc1 49. Bf1 Qc2 50. d6 Qxb3 51. Qxa5 Kc8 52. Qa6 Kd8  1-0

[Event "Cannes Open A"]
[Site "Cannes France"]
[EventDate "2007.02.18"]
[Date "2007.02.22"]
[Round "6"]
[White "THIRION, Marcel"]
[WhiteTitle "-"]
[WhiteElo "2171"]
[Black "ZERMICHE, Cherif"]
[BlackTitle "-"]
[BlackElo "2105"]
[Result "1/2-1/2"]
[Source "MonRoi"]

1. e4 c5 2. Nf3 a6 3. Be2 Nc6 4. d4 cxd4 5. Nxd4 Nf6 6. Nc3 e5 7. Nb3 Bb4 8. Bc4 O-O 9. Bg5 h6 10. h4 Nd4 11. Bxf6 Qxf6 12. Qd2 Rd8 13. Bd5 Nb5 14. Rh3 d6 15. Rf3 Qxh4 16. O-O-O Be6 17. g3 Qg4 18. Re3 Bxd5 19. Qxd5 Bxc3 20. bxc3 Rac8 21. c4 Na3 22. Na5 Rc5 23. Qxc5 dxc5 24. Rxd8 Kh7 25. Kb2 Qg5 26. Rd6 Qe7 27. Rb6 Qc7 28. Reb3 Nb5 29. Rxb7 Qxa5 30. cxb5 c4 31. Re3 Qb4 32. Kc1 axb5 33. a3 Qc5 34. Rc3 Kg6 35. Rf3 f6 36. Rc3 Qd4 37. Kb2 Qc5 38. Re3 h5 39. Rc3 Qc6 40. Rb8 Kf7 41. Re3 Ke6 42. Rd8 Qb6 43. Rd5 f5 44. Rd2 b4 45. exf5 Kxf5 46. Rde2 bxa3 47. Kxa3 Qd6 48. Ka4 g5 49. Rf3 Ke6 50. Rfe3 Qd4 51. c3 Qd1 52. Kb4 Qb3 53. Kc5 Kf6 54. Rf3 Ke6 55. Rfe3 Kf7 56. Kd6 Qb6 57. Kxe5 Qc5 58. Ke4 Kg6 59. Kf3 Qd5 60. Re4 Kf5 61. g4 hxg4 62. Kg3 Qxe4 63. Rxe4 Kxe4 64. Kxg4 Kd3 65. Kxg5 Kxc3 66. f4 Kd4 67. f5 c3 68. f6 c2 69. f7 c1Q 70. Kg6 Qc5 71. Kg7 Qg5 72. Kh8 Qf6 73. Kg8 Qe6 74. Kh8  1/2-1/2

[Event "Cannes Open A"]
[Site "Cannes France"]
[EventDate "2007.02.18"]
[Date "2007.02.22"]
[Round "6"]
[White "RYAN, Martin"]
[WhiteTitle "-"]
[WhiteElo "2024"]
[Black "DELABACA, Romuald"]
[BlackTitle "-"]
[BlackElo "2160"]
[Result "0-1"]
[Source "MonRoi"]

1. d4 Nf6 2. c4 e6 3. g3 c5 4. Nf3 a6 5. Bg2 cxd4 6. O-O Qc7 7. Qxd4 Nc6 8. Qd1 d6 9. Nc3 Be7 10. b3 O-O 11. Bb2 Bd7 12. Rc1 Qb8 13. Nd2 Ne5 14. Nde4 Bc6 15. Qc2 Rc8 16. Nxf6 Bxf6 17. Ne4 Be7 18. Qd2 Rd8 19. Qf4 Ng6 20. Qe3 Qc7 21. Bd4 Re8 22. h4 Bf8 23. h5 Ne7 24. g4 e5 25. Bb2 f5 26. gxf5 Nxf5 27. Qg5 Qf7 28. f4 Be7 29. Qg4 Ne3 30. Qg3 Nxf1 31. Rxf1 Qxh5 32. fxe5 dxe5 33. Bxe5 Bc5 34. Rf2 Qxe5  0-1

[Event "Cannes Open A"]
[Site "Cannes France"]
[EventDate "2007.02.18"]
[Date "2007.02.22"]
[Round "6"]
[White "DIOTALLEVI, Maurizio"]
[WhiteTitle "-"]
[WhiteElo "2154"]
[Black "ARDUIN, Antoine"]
[BlackTitle "-"]
[BlackElo "1876"]
[Result "1-0"]
[Source "MonRoi"]

1. d4 Nf6 2. c4 g6 3. Nc3 Bg7 4. e4 O-O 5. Nf3 d6 6. Be2 e5 7. O-O Nc6 8. d5 Ne7 9. Ne1 Nd7 10. Nd3 f5 11. f3 a5 12. Bd2 Nf6 13. a3 f4 14. g4 fxg3 15. hxg3 Nh5 16. Kg2 Nf6 17. Rh1 Bd7 18. Be3 b6 19. Qd2 Kf7 20. Rh2 Neg8 21. Nf2 h6 22. Nh3 Ke8 23. Bd3 g5 24. g4 Qe7 25. Nf2 Qf7 26. Be2 Ne7 27. Nd3 Ng6 28. Bf2 Nf4 29. Nxf4 gxf4 30. Kh1 Nh7 31. Bd1 Rh8 32. Ba4 Bxa4 33. Nxa4 Ng5 34. Kg2 Kd7 35. Rah1 Qg6 36. Qe1 Bf6 37. Nc3 Rag8 38. Qd1 Kd8 39. Rh5 Nf7 40. Kf1 Bg5 41. Ke2 Qf6 42. Qa4 Qe7 43. b4 Qd7 44. bxa5 Qxa4 45. Nxa4 bxa5 46. Rb1 Kd7 47. Rb5 Rb8 48. Rh1 Rxb5 49. cxb5 Nd8 50. Kd3 Nb7 51. Kc4 Bd8 52. Kb3 Be7 53. Nb2 Bg5 54. Ka4 Bf6 55. Nc4 Bd8 56. Nxa5 Nxa5 57. Kxa5 c6 58. b6 cxd5 59. exd5 Bxb6 60. Bxb6 Rc8 61. Rxh6 Rc3 62. Rh7 Ke8 63. Kb5 Rxf3 64. a4 e4 65. a5 e3 66. a6 e2 67. a7 Ra3 68. Bf2  1-0

[Event "Cannes Open A"]
[Site "Cannes France"]
[EventDate "2007.02.18"]
[Date "2007.02.22"]
[Round "6"]
[White "PARODI, Alessandro"]
[WhiteTitle "-"]
[WhiteElo "1893"]
[Black "LELIMOUSIN, Vincent"]
[BlackTitle "-"]
[BlackElo "2142"]
[Result "1/2-1/2"]
[Source "MonRoi"]

1. d4 Nf6 2. c4 c5 3. d5 b5 4. cxb5 a6 5. e3 axb5 6. Bxb5 Qa5 7. Nc3 Bb7 8. Bd2 Qb6 9. Qb3 g6 10. a4 Bg7 11. Nf3 O-O 12. O-O Na6 13. a5  1/2-1/2

[Event "Cannes Open A"]
[Site "Cannes France"]
[EventDate "2007.02.18"]
[Date "2007.02.22"]
[Round "6"]
[White "SCHMITZ, Andreas Arnold"]
[WhiteTitle "c"]
[WhiteElo "2101"]
[Black "HAUSEUX, Philippe"]
[BlackTitle "-"]
[BlackElo "2061"]
[Result "1-0"]
[Source "MonRoi"]

1. e4 d5 2. exd5 Qxd5 3. Nc3 Qd8 4. Bc4 Nf6 5. Nf3 Bf5 6. O-O e6 7. d3 Nbd7 8. h3 Be7 9. Bf4 c6 10. Nd4 O-O 11. Nxf5 exf5 12. Qf3 g6 13. Rfe1 Re8 14. Re2 Nh5 15. Bh2 Bf6 16. Rae1 Rxe2 17. Qxe2 Qf8 18. Nd1 Ng7 19. Qd2 Re8 20. Rxe8 Qxe8 21. Kf1 b5 22. Bb3 Nc5 23. Qb4 Nxb3 24. Qxb3 Be5 25. Bxe5 Qxe5 26. Qc3 Qd6 27. Qa5 Ne6 28. Qxa7 Nd4 29. c3 Ne6 30. Qe3 f4 31. Qe2 f5 32. d4 Qd7 33. b3 Ng5 34. f3 Ne6 35. Nb2 b4 36. cxb4 Nxd4 37. Qd2 Qd5 38. Qxf4 Kg7 39. Nc4 Nb5 40. Qe5 Qxe5 41. Nxe5  1-0

[Event "Cannes Open A"]
[Site "Cannes France"]
[EventDate "2007.02.18"]
[Date "2007.02.22"]
[Round "6"]
[White "L'HERMITTE, Emmanuel"]
[WhiteTitle "-"]
[WhiteElo "2032"]
[Black "FORTINO, Fabrizio"]
[BlackTitle "-"]
[BlackElo "2076"]
[Result "0-1"]
[Source "MonRoi"]

1. d4 Nf6 2. c4 g6 3. Nc3 Bg7 4. e4 d6 5. Be2 O-O 6. Nf3 e5 7. O-O Nc6 8. d5 Ne7 9. b4 a5 10. bxa5 Rxa5 11. a4 Nd7 12. Nd2 f5 13. Nb3 Ra8 14. Bf3 Nf6 15. Bb2 f4 16. c5 g5 17. h3 Ng6 18. cxd6 cxd6 19. Be2 Rf7 20. Nd2 Bf8 21. Nb5 Rg7 22. Ba3 g4 23. hxg4 h5 24. gxh5 Nh4 25. Bf3 Bh3 26. Kh2 Bxg2 27. Rg1 Nxf3 28. Nxf3 Ng4 29. Kxg2 Ne3 30. Kh2 Nxd1 31. Rxg7 Kxg7 32. Rxd1 Rxa4 33. Rg1 Kh6 34. Rg6 Kxh5 35. Rg8 Qb6 36. Rxf8 Qxf2 37. Kh1 Qxf3 38. Kh2 Qf2 39. Kh1 f3 40. Rh8 Kg6 41. Rg8 Kh7 42. Rg4 Qf1 43. Kh2 Qxb5 44. Bxd6 Ra2 45. Kg3 Rg2  0-1

[Event "Cannes Open A"]
[Site "Cannes France"]
[EventDate "2007.02.18"]
[Date "2007.02.22"]
[Round "6"]
[White "BRONGERS, Henk"]
[WhiteTitle "-"]
[WhiteElo "1969"]
[Black "DI LAZZARO, Gabriele"]
[BlackTitle "-"]
[BlackElo "2010"]
[Result "1/2-1/2"]
[Source "MonRoi"]

1. e4 c5 2. Nc3 Nc6 3. Nf3 g6 4. d4 cxd4 5. Nxd4 Bg7 6. Be3 Nf6 7. f3 O-O 8. Qd2 d5 9. exd5 Nxd5 10. Nxd5 Qxd5 11. c3 Nxd4 12. Bxd4 Rd8 13. Be3 Qa5 14. Qc1 Bf5 15. Be2 Bd3 16. Kf2 Bxe2 17. Kxe2 Qe5 18. Qc2 Bh6 19. Qe4 Qb5 20. Kf2 Bxe3 21. Qxe3 Qxb2 22. Kg3 Rd2 23. Rhg1 Rxg2 24. Rxg2 Qxa1 25. Qxe7 Qxc3 26. Qxb7 Qe5 27. Kh3 Rb8 28. Qe4 Qh5 29. Kg3 a5 30. h4 Qc5 31. Rc2 Qd6 32. Kg2 Qf6 33. Kg3 Rd8 34. Rc5 a4 35. Re5 Qd6 36. Qf4 Kg7 37. h5 f6 38. h6 Kf7 39. Ra5 Qxf4 40. Kxf4 Rd4 41. Ke3 Rb4 42. Ra7 Kg8 43. Rg7 Kh8 44. Rf7 Kg8 45. Rg7 Kh8 46. Rf7 Kg8  1/2-1/2